Routledge handbook of african linguistics (Record no. 969173)

MARC details
000 -LEADER
fixed length control field 00919nam a2200289Ia 4500
003 - CONTROL NUMBER IDENTIFIER
control field OSt
005 - DATE AND TIME OF LATEST TRANSACTION
control field 20221005062101.0
008 - FIXED-LENGTH DATA ELEMENTS--GENERAL INFORMATION
fixed length control field 221004b |||||||| |||| 00| 0 eng d
020 ## - INTERNATIONAL STANDARD BOOK NUMBER
International Standard Book Number 9781138228290 (hbk)
037 ## - SOURCE OF ACQUISITION
Terms of availability Textual
040 ## - CATALOGING SOURCE
Original cataloging agency CRL
Transcribing agency CRL
Language of cataloging eng
041 ## - LANGUAGE CODE
Source of code eng
Language code of text/sound track or separate title eng
100 ## - MAIN ENTRY--PERSONAL NAME
Personal name Agwuele Augustine Ed.
9 (RLIN) 601434
245 #0 - TITLE STATEMENT
Title Routledge handbook of african linguistics
260 ## - PUBLICATION, DISTRIBUTION, ETC.
Place of publication, distribution, etc. London
Name of publisher, distributor, etc. Routledge UK
Date of publication, distribution, etc. 2018
300 ## - PHYSICAL DESCRIPTION
Extent xvii,464p.
Dimensions cm.
490 ## - SERIES STATEMENT
Series statement Routledge handbooks
650 ## - SUBJECT ADDED ENTRY--TOPICAL TERM
Topical term or geographic name entry element LANGUAGE AND LANGUAGES
9 (RLIN) 8342
650 ## - SUBJECT ADDED ENTRY--TOPICAL TERM
Topical term or geographic name entry element AFRICAN LANGUAGES
9 (RLIN) 228261
700 ## - ADDED ENTRY--PERSONAL NAME
Personal name Bodomo Adams Ed.
9 (RLIN) 601435
942 ## - ADDED ENTRY ELEMENTS (KOHA)
Classification part P6, Q8
Koha item type Textual
Source of classification or shelving scheme
Holdings
Withdrawn status Lost status Damaged status Not for loan Home library Current library Date acquired Source of acquisition Total Checkouts Full call number Barcode Date last seen Price effective from Koha item type
        Central Library Central Library 2022-10-05 1610, 23/01/2019, Bright Book Service   P6 Q8 CL1658722 2022-10-05 2022-10-05 Textual
Copyright @ Delhi University Library System